000 00412nam a2200169Ia 4500
008 230524s9999 xx 000 0 und d
020 _a817409220X
082 _bKAD
100 _aL.R.Kadiyali
245 0 _aTraffic Engineering and Transport Planning
250 _a1
260 _aNew Delhi
_bKhanna Pub.
_c2015
300 _a"xxiv,913p;"
500 _aQuantity Number: 2
650 _aCivil
942 _cBK
999 _c55737
_d55737